000 00230nam a22000857a 4500
008 160705b xxu||||| |||| 00| 0 eng d
100 _92092
_b Baskshi, R
245 _aTilli the Butterfly
260 _aNew Delhi
_bNational Book Trust
_c1982
999 _c1787
_d1787